සූරා යාසීන් : (Record no. 1793)

MARC details
000 -LEADER
fixed length control field 006570000a22001930004500
003 - CONTROL NUMBER IDENTIFIER
control field LK-CoMWRAF
005 - DATE AND TIME OF LATEST TRANSACTION
control field 20231201122210.0
008 - FIXED-LENGTH DATA ELEMENTS--GENERAL INFORMATION
fixed length control field 230817t ||||| |||| 00| 0 eng d
040 ## - CATALOGING SOURCE
Original cataloging agency LK-CoMWRAF
Modifying agency LK-CoMWRAF
Description conventions LK-CoMWRAF
041 ## - LANGUAGE CODE
Language code of text/sound track or separate title English
082 ## - DEWEY DECIMAL CLASSIFICATION NUMBER
Classification number 297.38
Item number SUR
942 ## - ADDED ENTRY ELEMENTS (KOHA)
Koha item type Books
100 ## - MAIN ENTRY--PERSONAL NAME
Personal name මුල්ක්, සුරා
245 ## - TITLE STATEMENT
Title සූරා යාසීන් :
Remainder of title දූ ආ - ප්‍රාර් ථනාව
246 ## - VARYING FORM OF TITLE
Title proper/short title Suraa yaaseen : Doo aa - prarthanaawa
260 ## - PUBLICATION, DISTRIBUTION, ETC. (IMPRINT)
Place of publication, distribution, etc. දෙමටගොඩ :
Name of publisher, distributor, etc. හාද් බුක් ඩිපෝ,
300 ## - PHYSICAL DESCRIPTION
Extent පි. 26
650 ## - SUBJECT ADDED ENTRY--TOPICAL TERM
Topical term or geographic name as entry element ඉස්ලාම්--ප්‍රාර් ථනා
Holdings
Withdrawn status Lost status Damaged status Not for loan Permanent Location Current Location Date acquired Full call number Barcode Koha item type
        Resource center, Muslim Women's Research And Action Forum Resource center, Muslim Women's Research And Action Forum 2023-08-17 297.38 SUR RAF2065 Books

Copyright © 2023 Muslim Women's Research and Action Forum (MWRAF), No 27/3, Anderson Road, Kalubowila, Dehiwela. Funded by The Asia Fundation